Sports Quiz

Random Sports or Football Quiz
Score 0/12 Timer 10:00
0 Plays Today
Position (Club in 1973) Player % Correct
GK (Leicester City)Peter Shilton
98.5%
FW (Leeds Utd)Allan Clarke
91.6%
DF (Leeds Utd)Norman Hunter
87.3%
MF (Man City)Colin Bell
84.7%
MF (Liverpool)Emlyn Hughes
82.9%
MF (Sheffield Utd)Tony Currie
80%
MF (Southampton)Mick Channon
79.6%
DF (Derby County)Roy McFarland
77.5%
MF (Tottenham Hotspur)Martin Peters
76.7%
DF (Leeds Utd)Paul Madeley
73.1%
MF (Tottenham Hotspur)Martin Chivers
72.4%
Sub (Derby County)Kevin Hector
66.2%
Remove Ads.
Support Sporcle.
Get the best of Sporcle when you Go Orange. This ad-free experience offers more features, more stats, and more fun while also helping to support Sporcle. Thank you for becoming a member.

You're not logged in!

Compare scores with friends on all Sporcle quizzes.
OR
Log In

Show Comments

Extras

Top Quizzes Today


Score Distribution

Your Account Isn't Verified!

In order to create a playlist on Sporcle, you need to verify the email address you used during registration. Go to your Sporcle Settings to finish the process.

Report this User

Report this user for behavior that violates our Community Guidelines.

Details: